000 00487nam a2200145 i 4500
001 37254
003 ES-MaACL
007 t|
008 030220s1952 sp ||||1| spa d
100 1 _aBueno, Manuel.
_932381
245 1 0 _aPalabras al viento
_b: selección de los mejores artículos y ensayos... /
_cManuel Bueno.
260 _aBilbao :
_bJunta de Cultura de Vizcaya,
_c1952 (
_fEditorial Vizcaina)
300 _a286 p. :
_b1 retr. aut. ;
_c21 cm.
852 _aES-MaACL
_jC-6438
_bR.34776
999 _c37254
_d37254